Embassies under siege : a review of 48 embassy takeovers, 1971-1980 /

Bibliographic Details
Main Author: Jenkins, Brian Michael
Corporate Author: Rand Corporation
Format: Book
Language:English
Published: Santa Monica, CA : Rand Corp., [1981]
Subjects:

MARC

Tag First Indicator Second Indicator Subfields
LEADER 00000cam a2200000 a 4500
001 in00001082221
005 20150929112422.0
008 810218s1981 cau 000 0 eng
010 |a  81000895  
020 |a 0833002953 
035 |a (OCoLC)07282250 
035 |9 AFQ6471AM 
040 |a DLC  |c DLC  |d m/c  |d TXA  |d UtOrBLW 
049 |a TXAM 
050 0 0 |a HV6431  |b .J45 
082 0 |a 364.1/54  |2 19 
100 1 |a Jenkins, Brian Michael. 
245 1 0 |a Embassies under siege :  |b a review of 48 embassy takeovers, 1971-1980 /  |c Brian M. Jenkins. 
264 1 |a Santa Monica, CA :  |b Rand Corp.,  |c [1981] 
300 |a ix, 38 pages ;  |c 23 cm. 
336 |a text  |b txt  |2 rdacontent 
337 |a unmediated  |b n  |2 rdamedia 
338 |a volume  |b nc  |2 rdacarrier 
500 |a "R-2651-RC." 
500 |a "January 1981." 
650 0 |a Terrorism. 
650 0 |a Embassy takeovers. 
710 2 |a Rand Corporation. 
999 |a MARS 
999 f f |s 54087813-9afc-3088-a070-7292c51c362b  |i a486864d-ed27-363a-92b9-930432d597a3  |t 0 
952 f f |p ric  |a Texas A&M University  |b Rellis Campus  |c Joint Library Facility  |d Remote Storage  |t 0  |e HV6431 .J45  |h Library of Congress classification  |i unmediated -- volume  |m A14816175721 
998 f f |a HV6431 .J45  |t 0  |l Remote Storage